Chetanar sandhan : (Record no. 10124)

MARC details
000 -LEADER
fixed length control field 00712cam a2200205ua 4500
001 - CONTROL NUMBER
control field 11278
005 - DATE AND TIME OF LATEST TRANSACTION
control field 20260515114731.0
008 - FIXED-LENGTH DATA ELEMENTS--GENERAL INFORMATION
fixed length control field 190906n ii |||gs||||Z001|0|asm
020 ## - INTERNATIONAL STANDARD BOOK NUMBER
International Standard Book Number 9788120288652
040 ## - CATALOGING SOURCE
Transcribing agency MAIN
082 ## - DEWEY DECIMAL CLASSIFICATION NUMBER
Classification number 891.451
100 ## - MAIN ENTRY--PERSONAL NAME
Personal name Sukdev Adhikari .,
Relator term Editor.,
245 ## - TITLE STATEMENT
Title Chetanar sandhan :
Remainder of title National Seminar on Social consciousness in the lyrical composition of Jyotiprasad Agarwala, Bishnuprasad Rabha & Dr Bhupen Hazarika /
Statement of responsibility, etc. Edited by Sukdev Adhikari .
260 ## - PUBLICATION, DISTRIBUTION, ETC.
Place of publication, distribution, etc. Nagaon:
Name of publisher, distributor, etc. Dhing College,
Date of publication, distribution, etc. 2012.
300 ## - PHYSICAL DESCRIPTION
Extent 352p.
653 ## - INDEX TERM--UNCONTROLLED
Uncontrolled term East Indo-European & Celtic literatures
653 ## - INDEX TERM--UNCONTROLLED
Uncontrolled term UGC sponsored National seminar
700 ## - ADDED ENTRY--PERSONAL NAME
Personal name Biman kumar doley.,
Relator term Editor.
942 ## - ADDED ENTRY ELEMENTS (KOHA)
Koha item type Books
Holdings
Withdrawn status Lost status Damaged status Not for loan Home library Current library Shelving location Date acquired Total checkouts Full call number Barcode Date last seen Copy number Price effective from Koha item type
        Naharkatiya College Library Naharkatiya College Library General stacks 09/19/2020   891.451 | ADH 27754 09/19/2020 1 09/19/2020 Books